Предпринимательство в туризме Азербайджана (Record no. 468)

MARC details
000 -LEADER
fixed length control field 05102nam a2200325 4500
003 - CONTROL NUMBER IDENTIFIER
control field OSt
005 - DATE AND TIME OF LATEST TRANSACTION
control field 20260514092804.0
008 - FIXED-LENGTH DATA ELEMENTS--GENERAL INFORMATION
fixed length control field 260514b |||||||| |||| 00| 0 aze d
040 ## - CATALOGING SOURCE
Original cataloging agency AZ-XaKU
Language of cataloging rus
Transcribing agency AZ-XaKU
041 0# - LANGUAGE CODE
Language code of text/sound track or separate title rus
050 14 - LIBRARY OF CONGRESS CALL NUMBER
Classification number G155 .Az37 2012 rus.
100 1# - MAIN ENTRY--PERSONAL NAME
Personal name Азизов, А.А.,
Relator term müəllif.
245 1# - TITLE STATEMENT
Title Предпринимательство в туризме Азербайджана
Statement of responsibility, etc. / А.А.Азизов ; Hаучный редактор И.М.Аббасов ; pецензенты А.Т.Ахмедов, З.М.Мамедова
264 ## - PRODUCTION, PUBLICATION, DISTRIBUTION, MANUFACTURE, AND COPYRIGHT NOTICE
Place of production, publication, distribution, manufacture Баку:
Name of producer, publisher, distributor, manufacturer Монография,
Date of production, publication, distribution, manufacture, or copyright notice 2012.
300 ## - PHYSICAL DESCRIPTION
Extent 307 səhifə ;
Other physical details sxem, cədvəl,
Dimensions 20.5 sm.
336 ## - CONTENT TYPE
Content type term text
Content type code txt
Source rdacontent
337 ## - MEDIA TYPE
Media type term unmediated
Media type code n
Source rdamedia
338 ## - CARRIER TYPE
Carrier type term volume
Carrier type code nc
Source rdacarrier
500 ## - GENERAL NOTE
General note Монография посвящается 20-летию Бакинского Университета Бизнеса.
504 ## - BIBLIOGRAPHY, ETC. NOTE
Bibliography, etc. note Ədəbiyyat siyahısı: s.299-304
505 0# - Formatted Contents Note
Formatted contents note Введение -- Глава 1. Теоретические вопросы предпринимательской деятельности -- Глава 2. Анализ состояния и пути развития предпринимательских структур в туристской отрасли -- Глава 3. Формирование и развитие инфраструктурного обеспечения предпринимательской деятельности в туризме -- Глава 4. Развитие предпринимательства в туризме одно из главных направлений в решении социальных проблем -- Глава 5. Система стимулирования трудовой деятельности персонала в предпринимательских структурах туризма -- Глава 6. Роль государства в развитии предпринимательской деятельности в туризме -- Глава 7. Этика предпринимательства -- Словарь терминов и понятий -- Список использованной литературы.
520 0# - SUMMARY, ETC.
Summary, etc. Монография посвящена вопросам предпринимательской деятельности в туристской отрасли экономики Азербайджана.<br/>Рассмотрены основы системы предпринимательства в сфере туризма и ее роль в социально-экономическом развитии страны. Показано влияние развития туристского предпринимательства на занятость, уровень и качество жизни населения. Предлагается комплекс мер по инфраструктурному обеспечению предпринимательства в туризме. Значительное внимание уделено основным направлениям государственного регулирования предпринимательской деятельности туризма.<br/>Автор выражает особую благодарность доктору экономических наук, профессору, ректору Бакинского Университета Бизнеса И.М.Аббасову за создание благоприятных условий, за научные советы и поддержку, которые способствовали написанию данной монографии.<br/>Благодаря разносторонней научной деятельности профессора И.М.Аббасова, который на протяжении многих лет плодотворно трудится над теоретическим осмыслением проблем современной экономической науки появилась возможность получить немало ценных замечаний и рекомендаций в ходе работы над монографией. Совместная эмпирическая работа дала направление для размышлений над множеством проблем предпринимательской деятельности в туризме.
521 ## - TARGET AUDIENCE NOTE
Target audience note Монография рассчитана на специалистов, занимающихся предпринимательской деятельностью, преподавателей, аспирантов, магистров и студентов.
650 #7 - SUBJECT ADDED ENTRY--TOPICAL TERM
Topical term or geographic name entry element Turizm
Source of heading or term AZ-XaKU
700 1# - ADDED ENTRY--PERSONAL NAME
Personal name Аббасов, И.М.,
Relator term Hаучный редактор.
700 1# - ADDED ENTRY--PERSONAL NAME
Personal name Ахмедов, А.Т.,
Relator term pецензенты.
700 1# - ADDED ENTRY--PERSONAL NAME
Personal name Мамедова, З.М.,
Relator term pецензенты.
942 ## - ADDED ENTRY ELEMENTS (KOHA)
Koha item type Book
Holdings
Withdrawn status Lost status Source of classification or shelving scheme Damaged status Not for loan Collection Home library Current library Date acquired Total checkouts Full call number Barcode Date last seen Copy number Price effective from Koha item type
    Library of Congress Classification     General Collection Karabakh University Main Library Karabakh University Main Library 05/14/2026   G155 .Az37 2012 rus. 0000000344 05/14/2026 1 05/14/2026 Book